| 000 | 01501nmm a2200517 a 4500 | ||
|---|---|---|---|
| 003 | AR-BaBNM | ||
| 005 | 20251128204725.0 | ||
| 008 | 011101s1993 ||||||||||||||000 | spa|| | ||
| 020 | _a84-604-5635-8 | ||
| 040 | _cAR-BaBNM | ||
| 245 | 1 | 0 |
_aDesarrollo curricular para la formación de maestros especialistas en educación física _btemario desarrollado de oposiciones |
| 260 |
_aMadrid _bGymnos _c1993 |
||
| 300 |
_a618 p. _btablas, diagr. |
||
| 500 | _aContiene referencias bibliográficas | ||
| 600 | 1 | 4 | _aPiaget, Jean |
| 600 | 1 | 4 | _aJacquin, Guy |
| 600 | 1 | 4 | _aChateau, Jean |
| 650 | 4 | _aEDUCACION FISICA | |
| 650 | 4 | _aFORMACION DE DOCENTES | |
| 650 | 4 | _aCURRICULO | |
| 650 | 4 | _aDESARROLLO DEL NINO | |
| 650 | 4 | _aDESARROLLO DE LA EDUCACION | |
| 650 | 4 | _aINFANCIA | |
| 650 | 4 | _aADOLESCENCIA | |
| 650 | 4 | _aSISTEMAS DE ENSENANZA | |
| 650 | 4 | _aPLANIFICACION | |
| 650 | 4 | _aDESARROLLO FISICO | |
| 650 | 4 | _aDESTREZAS PSICOMOTRICES | |
| 650 | 4 | _aSALUD FISICA | |
| 650 | 4 | _aPSICOLOGIA EVOLUTIVA | |
| 650 | 4 | _aPSICOMOTRICIDAD | |
| 650 | 4 | _aEDUCACION ESPECIAL | |
| 653 | _aEDUCACION PARA LA SALUD | ||
| 653 | _aEXPRESION CORPORAL | ||
| 653 | _aDISCAPACITADOS | ||
| 653 | _aADAPTACIONES CURRICULARES | ||
| 700 | 1 | _aAlvarez, Jesusa | |
| 700 | 1 | _aConte, Luis | |
| 700 | 1 | _aDíaz, Arturo | |
| 700 | 1 | _aGarcía, Juan José | |
| 700 | 1 | _aGuerrero, Carmen | |
| 700 | 1 | _aMaillo, Juan Pedro | |
| 700 | 1 | _aRivadeneyra, María Luisa | |
| 942 | _cBK | ||
| 998 | _cGLORIA | ||
| 999 |
_c8571 _d8571 |
||